000
00228nam a2200097Ia 4500
008
220805s9999 xx 000 0 und d
041
_a
eng
082
_a
155.4
245
_a
Child Development XII
650
_a
Child Pshchology
_9
87204
999
_c
47896
_d
47896